000 00536nam a2200157Ia 4500
008 240729s9999 xx 000 0 und d
022 _a1696-5728
245 0 _aGeologica Acta
260 _aSpain
260 _bUniversitat de Barcelona (UB), Geociències Barcelona (Geo3BCN), Institut de Diagnosi Ambiental i Estudis de l'Aigua (IDAEA), Universitat Autònoma de Barcelona (UAB)
650 _a Geology
650 _aScience
856 _uhttps://doaj.org/toc/28d71ff9963c491d80c36262a2db49d8
942 _2ddc
942 _cDOAJEJ
999 _c73423
_d73423
945 _a1
_bMadushi Gamage
_c1
_dMadushi Gamage